Tottenham Hotspur Player of the Year in 21C - Statistics

General Stats
  • This quiz has been taken 50 times
  • The average score is 18 of 24
Answer Stats
Year Player Nationality Position % Correct
2013 Gareth Bale Wales Foward
100%
2015 Harry Kane England Foward
100%
2021 Harry Kane England Foward
100%
2023 Harry Kane England Foward
100%
2019 Heung-min Son South Korea Foward
100%
2020 Heung-min Son South Korea Foward
100%
2022 Heung-min Son South Korea Foward
100%
2011 Luka Modric Croatia Midfielder
100%
2018 Jan Vertonghen Belgium Defender
95%
2024 Micky van de Ven Netherlands Defende
95%
2014 Christian Eriksen Denmark Midfielder
93%
2017 Christian Eriksen Denmark Midfielder
93%
2003 Robbie Keane Ireland Foward
85%
2006 Robbie Keane Ireland Foward
85%
2008 Robbie Keane Ireland Foward
85%
2016 Toby Alderweireld Belgium Defender
85%
2007 Dimitar Berbatov Bulgaria Foward
80%
2004 Jermain Defoe England Foward
70%
2009 Aaron Lennon England Midfielder
50%
2010 Michael Dawson England Defender
28%
2000 Stephen Carr Ireland Defender
28%
2012 Scott Parker England Midfielder
25%
2002 Simon Davies Wales Midfielder
20%
2001 Neil Sullivan Scotland Goalkeeper
13%
No matching quizzes found
Score Distribution
Percent of People with Each Score
Percentile by Number Answered
Your Score History
You have not taken this quiz